000
00268nam a2200109Ia 4500
008
190216s9999||||xx |||||||||||||| ||und||
100
_a
Kuttikrishna Marar
245
0
_a
Sahithya Sallapam
260
_b
Marar Sahithya Prakasam
650
_a
Essay Malayalam
942
_c
BK
999
_c
26206
_d
26206